ARRUPE JESUIT UNIVERSITY

CORONAVIRUS -STOP THE SPREAD - CLEAN,DISINFECT,COVER

Christian perspectives on church schools (Record no. 119725)

MARC details
000 -LEADER
fixed length control field 00439nam a22001457a 4500
005 - DATE AND TIME OF LATEST TRANSACTION
control field 20140128131057.0
008 - FIXED-LENGTH DATA ELEMENTS--GENERAL INFORMATION
fixed length control field 140128b xxu||||| |||| 00| 0 eng d
050 ## - LIBRARY OF CONGRESS CALL NUMBER
Classification number LC368.
Item number C555 1993
100 ## - MAIN ENTRY--PERSONAL NAME
Personal name Francis, Leslie
9 (RLIN) 7142
245 ## - TITLE STATEMENT
Title Christian perspectives on church schools
Statement of responsibility, etc Francis, Leslie
260 ## - PUBLICATION, DISTRIBUTION, ETC. (IMPRINT)
Place of publication, distribution, etc Herefordshire
Name of publisher, distributor, etc Gracewing
Date of publication, distribution, etc 1993
300 ## - PHYSICAL DESCRIPTION
Extent xviii, 502p.;
Dimensions 24cm.
700 ## - ADDED ENTRY--PERSONAL NAME
Personal name Francis, Leslie
9 (RLIN) 7143
942 ## - ADDED ENTRY ELEMENTS (KOHA)
Source of classification or shelving scheme Library of Congress Classification
Item type Monograph ( Printed materials)
Holdings
Withdrawn status Lost status Source of classification or shelving scheme Damaged status Not for loan Collection code Home library Current library Shelving location Date acquired Total Checkouts Full call number Barcode Date last seen Price effective from Koha item type
    Library of Congress Classification     Main Collection ARRUPE LIBRARY ARRUPE LIBRARY Main Collection 28/01/2014   LC368. C555 1993 464122367 28/06/2018 28/01/2014 Monograph ( Printed materials)

 

Arrupe Library. PO Box MP320 Mt Pleasant, Harare, Zimbabwe
263 242 745411|librarian@aju.ac.zw